000 01521nam a2200325 a 4500
001 60499
003 BD-RjUL
005 20211209080842.0
008 170101s1993 bg b s o000 0 eng d
020 _a9845080774
_c: Complementary
035 _a(BD-RjUL)60623
035 _a(OCoLC)ocm27450619
035 _a(NNC)1450898
040 _aDLC
_cDLC
_dDLC
_dBD-RjUL
_beng
041 0 _aengben
082 _223
_a304.6095492021
_bGAZ 1993 (CS)
110 _aBangladesh Bureau Of Statistics.
_9179266
245 1 0 _aBangladesh population census, 1991 = বাংলাদেশ আদমশুমারী, ১৯৯১ :
_bCommunity series, Zila: Gazipur = কমিউনিটি সিরিজ,জেলা:গাজীপুর/
_cBangladesh Bureau Of Statistics.
246 _aবাংলাদেশ আদমশুমারী, ১৯৯১ :
_bকমিউনিটি সিরিজ, জেলা: গাজীপুর
260 _aDhaka :
_bBBS,
_c1993
300 _axiv, 165 p. :
_bIll. ;
_c28 cm.
490 _aCommunity series, Zila: Gazipur
490 _aকমিউনিটি সিরিজ, জেলা: গাজীপুর
500 _aPrefatory matter in Bengali and English.
651 _aBangladesh
_zGazipur
_vCensus, 1991
_9180090
651 _aBangladesh
_zGazipur
_xPopulation
_vStatistics.
_9180091
830 _aCommunity series, Zila : Gazipur
_9180092
830 _aকমিউনিটি সিরিজ, জেলা: গাজীপুর
_9179981
942 _2ddc
_cRAR
999 _c60499
_d60499